000 00402nam a2200169Ia 4500
005 20250508161656.0
008 008 250505s9999 xx 000 0 eng d
037 _aTextual
040 _aFEDL
_beng
_cFEDL
041 _aeng
_2eng
084 _aF, DIC
_qFEDL
100 _aDickens
245 0 _aPickwick papers
300 _a858p.
942 _cTEXL
_hF, DIC
999 _c1371491
_d1371491